00865 2200313 4500001002100000005001500021007000300036008004100039035002000080040001700100041000800117082001000125084001600135090002000151100002500171245007200196250001200268264003900280300003100319336002100350337003000371338002300401504002400424650001700448700002800465850001000493990002400503990002400527INLIS00000000000636920260418062809ta260418 0  a0010-0322000613 aSBPUPADbInd0 aInd a363.3 a363.3 AMI s a371.3 SAR i 9-60 aAminuddinePengarang1 aSiap Siaga Menghadapi Bencana Alam /cAminuddin;Editor,Rissa Yanuar a.-Cet 1 a.--Bandung :bPT.Puri Delco,c2008 a64 hal. :bIllus. ;c21 cm 2rdacontentaTeks 2rdamediaaTanpa Perantara 2rdacarrieravolume abibliografi, hlm 64 4aBencana Alam0 aRissa YanuarePengarang aPUPAD a269/S/KAPD-PDG/2012 a290/S/KAPD-PDG/2012